000 00221nam a2200121Ia 4500
100 _aBORIS/PASTERNAK
942 _cBK
245 _aDOCTOR ZHIVAGO
260 _b#N/A
300 _a510
546 _aENGLISH
999 _c29676
_d29676